La educación física en la educación básica

Tallennettuna:
Bibliografiset tiedot
Päätekijä: Vázquez, Benilde (Tekijä)
Aineistotyyppi: Kirja
Kieli:espanja
Julkaistu: Madrid Gymnos 1989
Aiheet:
Tagit: Lisää tagi
Ei tageja, Lisää ensimmäinen tagi!

MARC

LEADER 00000nam a2200000 a 4500
001 UCW7563
003 CL-VaPUC
008 930416e19890000SP |||||||||||||||||spa|d
082 0 4 |a 372.86  |b VAZ  |2 21 
100 0 |a Vázquez, Benilde  |e author  |9 312739 
245 1 3 |a La educación física en la educación básica 
300 |a 211 p 
942 |c BK 
945 |d 19930416 00:00:00 
260 |a Madrid  |b Gymnos  |c 1989 
650 0 |a Educación física  |9 240893 
650 0 |a Educación básica   |9 224933 
583 |a last modification  |c 20170913 12:11:15  |k Rodrigo Vera 
999 |c 220278  |d 220276 
952 |0 0  |1 0  |4 0  |6 372_860000000000000_VAZ_1989  |7 0  |8 A  |9 212269  |a BIBEDU  |b BIBEDU  |d 2019-11-15  |i 2805197  |o 372.86 VAZ 1989  |p 2805197  |r 2019-11-15  |w 2019-11-15  |y BK  |k EDU